| 000 | 00925nam a22002777a 4500 | ||
|---|---|---|---|
| 001 | BR7000424 | ||
| 003 | BR-BrBNA | ||
| 005 | 20230928083603.0 | ||
| 007 | ta | ||
| 008 | 230509b bl.||||| |||| 00| 0 por d | ||
| 040 |
_aBR-BrBNA _bpor _cBiblioteca Nacional de Agricultura |
||
| 041 | _a(Eng) | ||
| 072 |
_aA50; U20 _b/G430 |
||
| 090 | _ A50 BR7000424 | ||
| 100 | 1 | _aThomas, H.R. | |
| 110 | 1 |
_aConselho Nacional de Pesquisas, Rio de Janeiro, GB (Brasil) _92694 |
|
| 111 | 1 |
_a2. Seminario Internacional de Administracao de Pesquisa Agropecuaria _cCampinas, SP (Brazil) _d27 Jul 1970 |
|
| 245 | 1 | _aPublication of results of agricultural research in the U.S. Department of Agriculture [Estados Unidos] | |
| 260 | 3 |
_aRio de Janeiro, GB (Brasil): _c1970. |
|
| 300 | _a5 p. | ||
| 650 | _aPesquisa agricola | ||
| 650 | _aDocumentacao | ||
| 650 | _aEstados Unidos | ||
| 909 |
_a202309 _bLucia _c55 _dLucia Elande |
||
| 942 | _cBK | ||
| 999 |
_c14325 _d14325 |
||